You don't want to know /

"In Ava's dreams, her son, Noah, looks just the way she remembers him: a sweet two-year-old in rolled-up jeans and a red sweatshirt. When Ava wakes, the agonizing truth hits her all over again. Noah went missing two years ago, and his body has never been found. Almost everyone, including A...

Full description

Bibliographic Details
Main Author: Jackson, Lisa
Corporate Author: Brilliance Audio (Firm)
Other Authors: Traister, Christina
Format: CD Audio Book
Language:English
Published: Grand Haven, Mich. : Brilliance Audio, [2012]
Series:Brilliance Audio on compact disc.
Subjects:

MARC

Tag First Indicator Second Indicator Subfields
LEADER 00000cim a2200000Ia 4500
001 in00002770607
005 20150922110958.0
007 sd fungnnmmneu
008 111031s2012 miunnnn f n eng d
019 |a 779254586 
020 |a 9781441877055 
020 |a 1441877053 
035 |a (OCoLC)ocn759123261 
035 |a (OCoLC)759123261  |z (OCoLC)779254586 
040 |a TEFMT  |b eng  |c TEFMT  |d OCLCQ  |d BDX  |d BTCTA  |d TEF  |d IHI  |d IA4  |d UtOrBLW 
043 |a n-us-wa 
049 |a TXAM 
050 4 |a PS3560.A223  |b Y68 2012b 
082 0 4 |a 813/.6  |2 23 
100 1 |a Jackson, Lisa. 
245 1 0 |a You don't want to know /  |c Lisa Jackson. 
264 1 |a Grand Haven, Mich. :  |b Brilliance Audio,  |c [2012] 
264 4 |c ℗2012 
300 |a 15 sound discs (17 hr., 32 min.) :  |b digital ;  |c 4 3/4 in. 
336 |a spoken word  |b spw  |2 rdacontent 
337 |a audio  |b s  |2 rdamedia 
338 |a audio disc  |b sd  |2 rdacarrier 
490 1 |a Brilliance Audio on compact disc 
511 0 |a Performed by Christina Traister. 
500 |a Unabridged. 
500 |a Compact discs. 
520 |a "In Ava's dreams, her son, Noah, looks just the way she remembers him: a sweet two-year-old in rolled-up jeans and a red sweatshirt. When Ava wakes, the agonizing truth hits her all over again. Noah went missing two years ago, and his body has never been found. Almost everyone, including Ava's semi-estranged husband, Wyatt, assumes the boy drowned after falling off the dock near their Church Island home. Ava has spent most of the past two years in and out of Seattle mental institutions, shattered by grief and unable to recall the details of Noah's disappearance. Now she's back at Neptune's Gate, the family estate she once intended to restore to its former grandeur. Slowly, her strength is returning. But as Ava's mind comes back into focus, her suspicions grow. Despite their apparent concern, Ava can't shake the feeling that her family, and her psychologist, know more than they're saying. But are they really worried for her well-being -- or anxious about what she might discover? Unwilling to trust those around her, Ava secretly visits a hypnotist to try and restore her memories. But the strange visions and night terrors keep getting worse. Ava is sure she's heard Noah crying in the nursery, and glimpsed him walking near the dock. Is she losing her mind, or is Noah still alive? Ava won't stop until she gets answers, but the truth is more dangerous than she can imagine. And the price may be more than she ever thought to pay"--Publisher. 
500 |a Sound recording. 
650 0 |a Mothers  |v Fiction. 
650 0 |a Missing children  |v Fiction. 
650 0 |a Amnesia  |v Fiction. 
650 0 |a Grief  |v Fiction. 
650 0 |a Families  |v Fiction. 
651 0 |a Seattle (Wash.)  |v Fiction. 
655 7 |a Suspense fiction.  |2 gsafd 
655 7 |a Audiobooks.  |2 lcgft 
700 1 |a Traister, Christina. 
710 2 |a Brilliance Audio (Firm) 
830 0 |a Brilliance Audio on compact disc. 
948 |a cataloged  |b h  |c 2012/8/21  |d c  |e ceaton  |f 11:20:57 am 
994 |a C0  |b TXA 
999 |a MARS 
999 f f |s 66ec896f-3530-30e5-8b6f-7077a04632d6  |i d31d14a3-c86a-380a-a5c1-cd71600244e0  |t 0 
952 f f |p ric  |a Texas A&M University  |b Rellis Campus  |c Joint Library Facility  |d Remote Storage  |t 0  |e PS3560.A223 Y68 2012b  |h Library of Congress classification  |i audio -- audio disc  |m A14841472077 
998 f f |a PS3560.A223 Y68 2012b  |t 0  |l Remote Storage